00770cam a22002175a 450000500170000000800410001701000140005802000230007202000260009503500130012103700150013404000180014908200120016724501470017926000380032630000290036449000270039365000560042065000530047670000230052920071219163730.0990701s1999 txu 001 0 eng  aENG-92101 a0230633609c750.00 a9780230633605c750.00 aEN-75634 bDBAD / PUB adplbEnglish  a303.482 aIntercultural communication competence:cedited by Thomas Schmalzer...[et al] bimplications for learning and teaching in a globalized world / aNew Delhi bMacmillan Indiac2007 axliii, 243p. c25 cm(Hb) aInternational learning aInternational communicationxCross-cultural studies aCommunicative competencexCross-cultural studies aSchmalzer, Thomas